00422nam a2200157Ia 45000010006000000050017000060080041000230410008000640820016000721000031000882450092001192600009002113000028002206500008002486540008002561322520260306163038.0260306t2020||||xx |||||||||||||| ||spa|| aESP a001.42bC87 aCravino, Ana María,eAUT 0aInvestigación y tesis en disciplinas proyectuales :buna orientación metodológica c2020 a221 páginas :c24 cm. aGEN aCHU